Degree 16 standard L-function of GSp-2 GSp-2
Guardat en:
| Autor principal: | |
|---|---|
| Format: | Llibre |
| Idioma: | anglès |
| Publicat: |
Providence
American Mathematical Society
1996
|
| Col·lecció: | Memoirs of the American Mathematical Society, 588
|
| Matèries: | |
| Etiquetes: |
Afegir etiqueta
Sense etiquetes, Sigues el primer a etiquetar aquest registre!
|
MARC
| LEADER | 00000nam a2200000 a 4500 | ||
|---|---|---|---|
| 001 | UCM7013 | ||
| 003 | CL-VaPUC | ||
| 008 | 021129e19960000US |||||||||||||||||eng|d | ||
| 082 | 0 | 4 | |a 515.98 |b JIA |2 21 |
| 100 | 0 | |a Jiang, Dihua |e author |9 472734 | |
| 245 | 1 | 0 | |a Degree 16 standard L-function of GSp-2 GSp-2 |
| 300 | |a 196 p | ||
| 942 | |c BK | ||
| 945 | |d 20021129 00:00:00 |a vberengu | ||
| 260 | |a Providence |b American Mathematical Society |c 1996 | ||
| 650 | 0 | |a Funciones |9 263869 | |
| 650 | 7 | |a FUNCIONES AUTOMORFICAS |2 CL-VaPUC |9 425385 | |
| 583 | |a last modification |c 20130422 12:36:10 |k Rodrigo Vera | ||
| 490 | 0 | |a Memoirs of the American Mathematical Society, 588 | |
| 999 | |c 302048 |d 302046 | ||
| 952 | |0 0 |1 0 |4 0 |6 515_980000000000000_JIA_1996 |7 0 |8 A |9 362039 |a BIBMAT |b BIBMAT |d 2019-11-21 |i 3866750 |o 515.98 JIA 1996 |p 3866750 |r 2025-01-07 |w 2019-11-21 |y BK |k MAT | ||